000 00698nam a2200253Ia 4500
003 OSt
005 20220918164253.0
006 a|||||r|||| 00| 0
007 ta
008 220917b |||||||| |||| 00| 0 eng d
020 _a0521225124 (hbk)
024 _a21,581
037 _cTextual
040 _aARTS
_cARTS
_beng
041 _2eng
_aeng
082 _aR4931, L9
100 _aTuck Richard
_917998
245 0 _aNatural rights theories
_b their origin and development
260 _aCambridge
_bCambridge University Press
_c1979
300 _aviii,184p.
_ccm.
650 _aNATURAL LAW
_917999
942 _hR4931, L9
_cTEXL
_2CC
999 _c123927
_d123927